00894nam a22002657a 45000010005000000030006000050050017000110080041000280200018000690400029000870500016001160820012001321000017001442450071001612600049002323000065002814900010003465050008003565200141003645210029005055210020005346500020005546500021005747000033005958254FISKH20250905101849.0250905b cb ||||| |||| 00| 0 eng d a9780395816585 aFISKHbengcFISKHdFISKH aPZ8.S5334 S a823.914 aShaw, Nancy  aSheep take a hike / cBy Nancy Shaw : Illustrated by Margot Apple  aBoston : bHoughton Mifflin Company ,c1994. a32 unnumbered pages : bcolor illustrations ;c20 x 20 cm .  aSheep aG  aHaving gotten lost on a chaotic hike in the great outdoors, the sheep find their way back by following the trail of wool they have left.8 a400 bLexile estimate 8 aG bRaz-Plus  aSheepvFiction  aHiking vFiction aApple, Margot dIllustrator